Tìm hiểu tiến trình văn học dân gian Việt Nam; Người hùng làng Dóng; Tìm hiểu thần thoại ấn Độ Bộ ba tác phẩm nhận giải thưởng Hồ Chí Minh (Đợt một - năm 1996)

Wedi'i Gadw mewn:
Manylion Llyfryddiaeth
Prif Awdur: Cao Huy Đỉnh
Fformat: Llyfr
Iaith:Undetermined
Cyhoeddwyd: Hà Nội VHTT 1998
Pynciau:
Tagiau: Ychwanegu Tag
Dim Tagiau, Byddwch y cyntaf i dagio'r cofnod hwn!
Thư viện lưu trữ: Trung tâm Học liệu Trường Đại học Cần Thơ
LEADER 00709nam a2200181Ia 4500
001 CTU_27616
008 210402s9999 xx 000 0 und d
082 |a 398.20109 
082 |b Đ312 
100 |a Cao Huy Đỉnh 
245 0 |a Tìm hiểu tiến trình văn học dân gian Việt Nam; Người hùng làng Dóng; Tìm hiểu thần thoại ấn Độ 
245 0 |b Bộ ba tác phẩm nhận giải thưởng Hồ Chí Minh (Đợt một - năm 1996) 
245 0 |c Cao Huy Đỉnh 
260 |a Hà Nội 
260 |b VHTT 
260 |c 1998 
650 |a folk literature - history and criticism 
980 |a Trung tâm Học liệu Trường Đại học Cần Thơ